01347nam a22001697a 4500003000500000005001700005008004100022020001800063041001200081082002100093100001900114245007000133260003400203300004700237520084900284650004401133CUTN20250704151956.0250326b |||||||| |||| 00| 0 eng d a9781071631287 aEnglish a538.362bATT223 aAtta-Ur-Rahman aNuclear Magnetic Resonance : bBasic Principles /cAtta-Ur-Rahman bSpringer,cr 2023.aNew York: aix, 358 p.:bill.;c 20.3 x 25.4 x 4.7 cm. aWe are new to the on-line trade but with solid experience of two decades, we carry large stocks of books on various subjects in our show room. The subjects we carry in stock are - Academic, Ancient & Classical Art, Archaeology, Architecture, Art History, Astrology, Auto- biographies, Books from India, Biology, Biographies, Computer Science, Dictionaries, Decorative Art, Design, Economics, Ethnic Arts & Crafts, Fashion & Jewellery, Gardens & Landscape Design, Geography, Graphics, History, Homeopathy, Karma, Language, Law, Linguistics, Medicine, Modern & Contemporary Art, Music & Performing Art, Mythology & Religion, Numismatics, Philately, Pleasure, Political Science, Photography, Research, Science & Environment, Scientific, Style & Interiors, Technical, Terrorism, Textiles & Carpets, Travel & Topography, Western Art, Wildlife, Yoga. aNuclear magnetic resonance spectroscopy